ARRUPE JESUIT UNIVERSITY

CORONAVIRUS -STOP THE SPREAD - CLEAN,DISINFECT,COVER

Locke, (Record no. 131738)

MARC details
000 -LEADER
fixed length control field 00397nam a22001457a 4500
008 - FIXED-LENGTH DATA ELEMENTS--GENERAL INFORMATION
fixed length control field 230412b |||||||| |||| 00| 0 eng d
020 ## - INTERNATIONAL STANDARD BOOK NUMBER
International Standard Book Number 100415283472.
050 ## - LIBRARY OF CONGRESS CALL NUMBER
Classification number B1297.69 2005.
100 ## - MAIN ENTRY--PERSONAL NAME
Personal name Lowe, J.E
9 (RLIN) 52317
245 ## - TITLE STATEMENT
Title Locke,
Statement of responsibility, etc E.J. Lowe.
260 ## - PUBLICATION, DISTRIBUTION, ETC. (IMPRINT)
Place of publication, distribution, etc New York:
Name of publisher, distributor, etc Routledge,
Date of publication, distribution, etc 2005.
300 ## - PHYSICAL DESCRIPTION
Extent vi;
Other physical details 220p,
Dimensions 22cm.
650 ## - SUBJECT ADDED ENTRY--TOPICAL TERM
Topical term or geographic name as entry element Locke, John;
Chronological subdivision 1632-1704.
9 (RLIN) 17357
942 ## - ADDED ENTRY ELEMENTS (KOHA)
Source of classification or shelving scheme Library of Congress Classification
Item type Monograph ( Printed materials)
Holdings
Withdrawn status Lost status Source of classification or shelving scheme Damaged status Not for loan Home library Current library Shelving location Date acquired Total Checkouts Full call number Barcode Date last seen Price effective from Koha item type
    Library of Congress Classification     ARRUPE LIBRARY ARRUPE LIBRARY Main Collection 12/04/2023   B1297.69 2005. 46700000282 12/04/2023 12/04/2023 Monograph ( Printed materials)

 

Arrupe Library. PO Box MP320 Mt Pleasant, Harare, Zimbabwe
263 242 745411|librarian@aju.ac.zw